书目信息 |
| 题名: |
陶瓷工业机械设备
|
|
| 作者: | 张柏清 , 林云万 主编 | |
| 分册: | ||
| 出版信息: | 北京 中国轻工业出版社 2019.06 |
|
| 页数: | 406页 | |
| 开本: | 26cm | |
| 丛书名: | ||
| 单 册: | ||
| 中图分类: | TQ174.6 | |
| 科图分类: | ||
| 主题词: | 陶瓷工业--机械设备--高等学校--教材 , 陶瓷工业 , 机械设备 | |
| 电子资源: | ||
| ISBN: | 978-7-5019-9018-4 | |
| 000 | 01047nam0 2200301 450 | |
| 001 | 2336918445 | |
| 005 | 20231220101551.48 | |
| 010 | @a978-7-5019-9018-4@d78.00CNY | |
| 100 | @a20130320d2019 em y0chiy0120 ea | |
| 101 | 0 | @achi |
| 102 | @aCN@b110000 | |
| 105 | @ay z 000yy | |
| 200 | 1 | @a陶瓷工业机械设备@Atao ci gong ye ji xie she bei@b专著@f张柏清,林云万主编 |
| 205 | @a2版 | |
| 210 | @a北京@c中国轻工业出版社@d2019.06 | |
| 215 | @a406页@d26cm | |
| 300 | @a高等学校专业教材 | |
| 312 | @a封面英文题名:Mechanical equipment of ceramic industry | |
| 330 | @a本书介绍了粉碎机械、筛分机械、流体力学分级设备、脱水设备、磁选设备、给料和配料设备、混合与搅拌机械、成形机械、装饰机械等内容。 | |
| 510 | 1 | @aMechanical equipment of ceramic industry@zeng |
| 606 | 0 | @a陶瓷工业@x机械设备@x高等学校@j教材 |
| 606 | 0 | @a陶瓷工业 |
| 606 | 0 | @a机械设备 |
| 690 | @aTQ174.6@v5 | |
| 701 | 0 | @a张柏清@Azhang bo qing@c(高等教育)@4主编 |
| 701 | 0 | @a林云万@Alin yun wan@4主编 |
| 801 | 2 | @aCN@b辽宁北配@c20231205 |
| 905 | @aBZT@dTQ174.6@e4=2 | |
| 陶瓷工业机械设备/张柏清,林云万主编.-2版.-北京:中国轻工业出版社,2019.06 |
| 406页;26cm |
| 高等学校专业教材 |
| ISBN 978-7-5019-9018-4:78.00CNY |
| 本书介绍了粉碎机械、筛分机械、流体力学分级设备、脱水设备、磁选设备、给料和配料设备、混合与搅拌机械、成形机械、装饰机械等内容。 |
| ● |
| 相关链接 |
|
|
|
正题名:陶瓷工业机械设备
索取号:TQ174.6/4=2
 
预约/预借
| 序号 | 登录号 | 条形码 | 馆藏地/架位号 | 状态 | 备注 |
| 1 | 2001604947 | 2001604947 | 辽三/辽宁北配(第三批)/2270/ [索取号:TQ174.6/4=2] | 在馆 | |
| 2 | 2001604948 | 2001604948 | 辽三/辽宁北配(第三批)/2270/ [索取号:TQ174.6/4=2] | 在馆 | |
| 3 | 2001604949 | 2001604949 | 辽三/辽宁北配(第三批)/2270/ [索取号:TQ174.6/4=2] | 在馆 | |
| 4 | 2001604950 | 2001604950 | 辽三/辽宁北配(第三批)/2270/ [索取号:TQ174.6/4=2] | 在馆 | |
| 5 | 2001604951 | 2001604951 | 辽三/辽宁北配(第三批)/2270/ [索取号:TQ174.6/4=2] | 在馆 | |
| 6 | 2001604952 | 2001604952 | 辽三/辽宁北配(第三批)/2270/ [索取号:TQ174.6/4=2] | 在馆 | |
| 7 | 2001604953 | 2001604953 | 辽三/辽宁北配(第三批)/2270/ [索取号:TQ174.6/4=2] | 在馆 | |
| 8 | 2001604954 | 2001604954 | 辽三/辽宁北配(第三批)/2270/ [索取号:TQ174.6/4=2] | 在馆 | |
| 9 | 2001604955 | 2001604955 | 辽三/辽宁北配(第三批)/2270/ [索取号:TQ174.6/4=2] | 在馆 | |
| 10 | 2001604956 | 2001604956 | 辽三/辽宁北配(第三批)/2270/ [索取号:TQ174.6/4=2] | 在馆 | |
| 11 | 2001604957 | 2001604957 | 辽三/辽宁北配(第三批)/2270/ [索取号:TQ174.6/4=2] | 在馆 | |
| 12 | 2001604958 | 2001604958 | 辽三/辽宁北配(第三批)/2270/ [索取号:TQ174.6/4=2] | 在馆 | |
| 13 | 2001604959 | 2001604959 | 辽三/辽宁北配(第三批)/2270/ [索取号:TQ174.6/4=2] | 在馆 | |
| 14 | 2001604960 | 2001604960 | 辽三/辽宁北配(第三批)/2270/ [索取号:TQ174.6/4=2] | 在馆 | |
| 15 | 2001604961 | 2001604961 | 辽三/辽宁北配(第三批)/2270/ [索取号:TQ174.6/4=2] | 在馆 | |
| 16 | 2001604962 | 2001604962 | 辽三/辽宁北配(第三批)/2270/ [索取号:TQ174.6/4=2] | 在馆 | |
| 17 | 2001604963 | 2001604963 | 辽三/辽宁北配(第三批)/2270/ [索取号:TQ174.6/4=2] | 在馆 |